000 00513cam a2200145 4500500
005 20251012032514.0
041 _afre
042 _adc
100 1 0 _aSesé, Bernard
_eauthor
245 0 0 _aJaun Goytisolo, Cogitus Interruptus, traduit de l’espagnol par Abdelatif ben Salem, Paris, Fayard, 2001, 304 p.
260 _c2002.
500 _a66
786 0 _nSigila | 10 | 2 | 2002-12-20 | p. 243-244 | 1286-1715
856 4 1 _uhttps://shs.cairn.info/revue-sigila-2002-2-page-243?lang=fr&redirect-ssocas=7080
999 _c1547498
_d1547498